Matematik asas
| Main Author: | Mohd. Zuberi Jamaluddin |
|---|---|
| Published: |
Skudai, Johor,
1990.
|
| Subjects: |
| LEADER | 00573cam a2200169 7i4500 | ||
|---|---|---|---|
| 001 | 0000027599 | ||
| 005 | 20221025090000.0 | ||
| 008 | 090608 bm | ||
| 020 | |a 9839585169 (pbk.) | ||
| 090 | 0 | 0 | |a QA37.2 |b .M32 1990 |
| 100 | 0 | |a Mohd. Zuberi Jamaluddin | |
| 245 | 1 | 0 | |a Matematik asas |c Mohd. Zuberi Jamaluddin. |
| 260 | |a Skudai, Johor, |c 1990. | ||
| 300 | |a vi, 201 p.: |b ill.; |c 23 cm. | ||
| 650 | 0 | 0 | |a Mathematics |
| 997 | |a Engineering & Life Sciences, Faculty |b Science & Biotechnology, Department | ||
| 999 | |a 0000028244 |b BOK |c OPEN SHELF |e 1st Floor, Bestari Jaya | ||


